Statistiques concernant Record de test matchs avec les All Blacks

Cliquez ici pour prendre le quiz!

Statistiques générales

  • Ce quiz a été pris 79 fois
    (66 depuis la dernière actualisation)
  • Le résultat moyen est 3 sur 9

Statistiques - réponses

TestsJoueur% Correct
112Daniel Carter
85%
148Richie McCaw
83%
103Ma'a Nonu
44%
127Kieran Read
37%
117Sam Whitelock
35%
132Keven Mealamu
24%
108Owen Franks
11%
118Tony Woodcock
11%
100Mils Muliaina
9%

Distribution des résultats

Percentile par nombre de réponses

% des personnes avec chaque résultat

Votre développement - résultats

Vous n’avez pas pris ce quiz depuis la dernière actualisation